000 00366 a2200169 4500
001 50443
020 _a8526256270
040 _cAnchieta - Bela Vista
100 _aTrédez, Emmanuel
240 1 0 _aUm estranho regime
_lpor
245 1 0 _aUm estranho regime
300 _a47
362 0 _a2004
440 1 _aScipione
650 4 _aLiteratura juvenil
942 _cBK
999 _c50443
_d50443